Mission vision (Record no. 2780)

MARC details
000 -LEADER
fixed length control field 00403nam a2200169Ia 4500
003 - CONTROL NUMBER IDENTIFIER
control field GBCCL
005 - DATE AND TIME OF LATEST TRANSACTION
control field 20241126110439.0
008 - FIXED-LENGTH DATA ELEMENTS--GENERAL INFORMATION
fixed length control field 170919b xxu||||| |||| 00| 0 eng d
040 ## - CATALOGING SOURCE
Transcribing agency gbc
082 ## - DEWEY DECIMAL CLASSIFICATION NUMBER
Classification number 266
Item number DEV
100 ## - MAIN ENTRY--PERSONAL NAME
Personal name Devries, John F
9 (RLIN) 5878
245 ## - TITLE STATEMENT
Title Mission vision
260 ## - PUBLICATION, DISTRIBUTION, ETC.
Place of publication, distribution, etc. Madras :
Name of publisher, distributor, etc. Indian Bible literature
Date of publication, distribution, etc. 1991
300 ## - PHYSICAL DESCRIPTION
Extent 191p.;
650 ## - SUBJECT ADDED ENTRY--TOPICAL TERM
Topical term or geographic name entry element Mission
9 (RLIN) 3649
942 ## - ADDED ENTRY ELEMENTS (KOHA)
Source of classification or shelving scheme Dewey Decimal Classification
Koha item type Books
Koha issues (borrowed), all copies 4
Holdings
Withdrawn status Lost status Source of classification or shelving scheme Damaged status Not for loan Home library Current Library Shelving location Date acquired Total checkouts Full call number Barcode Date last seen Date last checked out Copy number Price effective from Koha item type
    Dewey Decimal Classification     GRACE BIBLE COLLEGE GRACE BIBLE COLLEGE Ministry & Mission 2017-09-19 1 266 DEV 006168 2025-05-01 2020-03-20 c.1 2017-09-19 Books
    Dewey Decimal Classification     GRACE BIBLE COLLEGE GRACE BIBLE COLLEGE Ministry & Mission 2017-09-22 3 266 DEV 010655 2025-05-01 2024-08-12 c.2 2017-09-22 Books
© Grace Bible College Library 2025